000 00760nam a2200229Ia 4500
003 GCL
008 140319s9999 xx 000 0 ara d
020 _a?064110977
040 _aGCL /
_cGCL
082 0 4 _a791.457
_bأ ب
100 1 _aانشراح الشال
245 1 0 _aبث وافد على شاشات التليفزيون /
_cانشراح الشال
250 _aالاولى
260 _aالقاهرة :
_bدار الفكر العربى ،
_c1994
300 _a269 ص ؛
_c24 سم
650 0 4 _aالتليفزيون
650 0 4 _aوسائل الاعلام
650 0 4 _aبرامج التليفزيون
650 0 4 _aالدعاية التليفزيونية
650 0 4 _aالتليفزيون - ارسال واستقبال
942 _2ddc
_cBK
999 _c5048
_d5048